| 000 | 00448nam a22001817a 4500 | ||
|---|---|---|---|
| 999 |
_c532644 _d532644 |
||
| 003 | NUST | ||
| 005 | 20191127111631.0 | ||
| 008 | 191127b ||||| |||| 00| 0 eng d | ||
| 027 | _q B07C88JRXW | ||
| 038 | _aMSOHAIL | ||
| 082 | _a0 | ||
| 100 |
_aDr. Israr Ahmed _926279 |
||
| 245 | _aMutalia e Quran ka Muntakhib Nisab (Volume 2 ) | ||
| 250 | _aVol 2 | ||
| 260 |
_aPeshawar _bTanzeem-e-Islami _cc2013 |
||
| 300 | _ap; 665 | ||
| 942 |
_2ddc _cBK |
||